Normal view
MARC view
- Moon, Francis.C
Entry Personal Name
001 - CONTROL NUMBER
- control field: 56210
003 - CONTROL NUMBER IDENTIFIER
- control field: NUST
005 - DATE AND TIME OF LATEST TRANSACTION
- control field: 20210628201646.0
008 - FIXED-LENGTH DATA ELEMENTS
- fixed length control field: 210628|| aca||aabn | a|a d
040 ## - CATALOGING SOURCE
- Original cataloging agency: NUST
- Transcribing agency: NUST
100 ## - HEADING--PERSONAL NAME
- Personal name: Moon, Francis.C
670 ## - SOURCE DATA FOUND
- Source citation: Work cat.: (NUST): Moon, Francis.C, Dynamics and chaos in manufacturing processes, 1998
